Литолого-петрографические и геохимические особенности пород в выступах палеозойского фундамента; Вестник науки Сибири; № 5 (6)

Dades bibliogràfiques
Parent link:Вестник науки Сибири: электронный научный журнал/ Томский политехнический университет (ТПУ).— , 2011-.— 2226-0064
№ 5 (6).— 2012.— [С. 20-28]
Autor principal: Столбова Н. Ф. Нэля Фeдоровна
Sumari:Заглавие с титульного листа
Показаны литолого-петрографические и геохимические особенности пород в выступах палеозойского фундамента. Это метасоматиты, продукты миграции флюидов через пермские отложения. Наличие в нижнем отделе перми горизонта пород доманикового типа с ураноносным керогеном типа II обусловливает нефтегазоносность пород выступов.
Idioma:rus
Publicat: 2012
Col·lecció:Науки о Земле
Matèries:
Accés en línia:http://earchive.tpu.ru/handle/11683/15944
Format: MixedMaterials Electrònic Capítol de llibre
KOHA link:https://koha.lib.tpu.ru/cgi-bin/koha/opac-detail.pl?biblionumber=496398

MARC

LEADER 00000naa2a2200000 4500
001 496398
005 20240514121827.0
035 |a (RuTPU)RU\TPU\prd\166109 
035 |a RU\TPU\prd\166108 
090 |a 496398 
100 |a 20130123d2012 k y0rusy50 ca 
101 0 |a rus 
102 |a RU 
135 |a drnn ---uucaa 
181 0 |a i  
182 0 |a b 
200 1 |a Литолого-петрографические и геохимические особенности пород в выступах палеозойского фундамента  |f Н. Ф. Столбова 
203 |a Текст  |c электронный 
215 |a 1 файл (1.41 Мб) 
225 1 |a Науки о Земле 
300 |a Заглавие с титульного листа 
320 |a [Библиогр.: с. 28 (9 назв.)] 
330 |a Показаны литолого-петрографические и геохимические особенности пород в выступах палеозойского фундамента. Это метасоматиты, продукты миграции флюидов через пермские отложения. Наличие в нижнем отделе перми горизонта пород доманикового типа с ураноносным керогеном типа II обусловливает нефтегазоносность пород выступов. 
337 |a Adobe Reader 
461 1 |0 (RuTPU)RU\TPU\prd\143680  |x 2226-0064  |t Вестник науки Сибири  |o электронный научный журнал  |f Томский политехнический университет (ТПУ)  |d 2011- 
463 1 |0 (RuTPU)RU\TPU\prd\166101  |t № 5 (6)  |v [С. 20-28]  |d 2012 
610 1 |a геохимия 
610 1 |a палеозой 
610 1 |a фундамент 
610 1 |a выступы 
610 1 |a метасоматиты 
610 1 |a флюидомиграция 
610 1 |a керогены 
610 1 |a битумоиды 
610 1 |a нефтегазоносность 
610 1 |a горные породы 
610 1 |a геохимические особенности 
610 1 |a литолого-петрографические особенности 
610 1 |a труды учёных ТПУ 
610 1 |a электронный ресурс 
675 |a 550.4  |v 3 
700 1 |a Столбова  |b Н. Ф.  |c российский геолог  |c доцент Томского политехнического университета  |f 1940-  |g Нэля Фeдоровна  |3 (RuTPU)RU\TPU\pers\26073 
801 1 |a RU  |b 63413507  |c 20090623  |g PSBO 
801 2 |a RU  |b 63413507  |c 20180116  |g PSBO 
856 4 |u http://earchive.tpu.ru/handle/11683/15944 
942 |c BK